Statistics for JoJo Ships

Click here to take the quiz!

General Stats

  • This quiz has been taken 188 times
    (6 since last reset)
  • The average score is 29 of 34

Answer Stats

CharactersShip name% Correct
Avdol x PolnareffAvPol
100%
Bruno x AbbacchioBruAbba
100%
Caesar x JosephCaeJose
100%
Esidisi x KarsEsiKars
100%
Fugo x GiornoFuGio
100%
Giorno x TrishGioTrish
100%
Gyro x JohnnyGyJo
100%
Jolyne x AnasuiJolySui
100%
Jonathan x ErinaJonaErina
100%
Jonathan x SpeedwagonJonaWagon
100%
Josuke x OkuyasuJosuYasu
100%
Jotaro x RohanJotaHan
100%
Jotaro x KakyoinJotaKak
100%
Melone x GhiaccioMeloGhia
100%
Narancia x MistaNaraMis
100%
Yukako x KoichiYukaKoi
100%
Abbacchio x GiornoAbbaGIo
80%
Bruno x GiornoBruGio
80%
Diavolo x GiornoDiaGio
80%
Dio x KakyoinDioKak
80%
Dio x PucciDioPucci
80%
Fugo x NaranciaFugoNara
80%
Fugo x MistaFuMis
80%
Giorno x MistaGioMis
80%
Jolyne x HermesJolyMes
80%
Jonathan x DioJonaDio
80%
Josuke x RohanJosuHan
80%
Jotaro x DioJotaDio
80%
Jotaro x PolnareffJotaPol
80%
Kakyoin x PolnareffKakPol
80%
Diego x JohnnyDieJohnny
60%
Diavolo x DoppioDiaDopi
40%
Joseph x Suzi QJoseQ
40%
Diego x Hot PantsDinoPants
20%

Score Distribution

Percentile by Number Answered

Percent of People with Each Score

Your Score History

You have not taken this quiz since the last reset